header

A jigsaw guide to making sense of the world / (Record no. 117362)

MARC details
000 -LEADER
fixed length control field 01845nam a22003971i 4500
001 - CONTROL NUMBER
control field ebr10754628
003 - CONTROL NUMBER IDENTIFIER
control field CaPaEBR
006 - FIXED-LENGTH DATA ELEMENTS--ADDITIONAL MATERIAL CHARACTERISTICS--GENERAL INFORMATION
fixed length control field m o d
007 - PHYSICAL DESCRIPTION FIXED FIELD--GENERAL INFORMATION
fixed length control field cr cn|||||||||
008 - FIXED-LENGTH DATA ELEMENTS--GENERAL INFORMATION
fixed length control field 120921s2012 ilu ob 000 0 eng d
020 ## - INTERNATIONAL STANDARD BOOK NUMBER
Cancelled/invalid ISBN 0830837817 (pbk. : alk. paper)
Cancelled/invalid ISBN 9780830837816 (pbk. : alk. paper)
International Standard Book Number 9780830866588 (e-book)
040 ## - CATALOGING SOURCE
Original cataloging agency CaPaEBR
Language of cataloging eng
Description conventions rda
-- pn
Transcribing agency CaPaEBR
035 ## - SYSTEM CONTROL NUMBER
System control number (OCoLC)857145989
050 14 - LIBRARY OF CONGRESS CALL NUMBER
Classification number BR100
Item number .M345 2012eb
082 04 - DEWEY DECIMAL CLASSIFICATION NUMBER
Classification number 230.01
Edition number 23
100 1# - MAIN ENTRY--PERSONAL NAME
Personal name McLellan, Alex,
Dates associated with a name 1968-
245 12 - TITLE STATEMENT
Title A jigsaw guide to making sense of the world /
Statement of responsibility, etc Alex McLellan.
264 #1 - PRODUCTION, PUBLICATION, DISTRIBUTION, MANUFACTURE, AND COPYRIGHT NOTICE
Place of production, publication, distribution, manufacture Downers Grove, Illinois :
Name of producer, publisher, distributor, manufacturer IVP Books,
Date of production, publication, distribution, manufacture, or copyright notice [2012]
Date of production, publication, distribution, manufacture, or copyright notice �2012
300 ## - PHYSICAL DESCRIPTION
Extent 1 online resource (188 pages)
336 ## - CONTENT TYPE
Content type term text
Source rdacontent
337 ## - MEDIA TYPE
Media type term computer
Source rdamedia
338 ## - CARRIER TYPE
Carrier type term online resource
Source rdacarrier
504 ## - BIBLIOGRAPHY, ETC. NOTE
Bibliography, etc Includes bibliographical references.
505 0# - FORMATTED CONTENTS NOTE
Formatted contents note Seeing the big picture -- Jigsaw: be prepared to see it -- Truth: be prepared to handle it -- Belief: be prepared to share it -- Faith: be prepared to anchor it -- Doubt: be prepared to deal with it -- Big picture: be prepared to show it.
588 ## - SOURCE OF DESCRIPTION NOTE
Source of description note Description based on print version record.
590 ## - LOCAL NOTE (RLIN)
Local note Electronic reproduction. Palo Alto, Calif. : ebrary, 2013. Available via World Wide Web. Access may be limited to ebrary affiliated libraries.
650 #0 - SUBJECT ADDED ENTRY--TOPICAL TERM
Topical term or geographic name as entry element Christianity
General subdivision Philosophy.
Topical term or geographic name as entry element Religion
General subdivision Philosophy.
655 #0 - INDEX TERM--GENRE/FORM
Genre/form data or focus term Electronic books.
776 08 - ADDITIONAL PHYSICAL FORM ENTRY
Display text Print version:
Main entry heading McLellan, Alex.
Title Jigsaw guide to making sense of the world.
Place, publisher, and date of publication Downers Grove, Illinois : IVP Books, [2012]
Physical description 191 pages ; 22 cm.
International Standard Book Number 9780830837816
Record control number (DLC) 2012038394
797 2# - LOCAL ADDED ENTRY--CORPORATE NAME (RLIN)
Corporate name or jurisdiction name as entry element ebrary.
856 40 - ELECTRONIC LOCATION AND ACCESS
Uniform Resource Identifier <a href="http://site.ebrary.com/lib/rucke/Doc?id=10754628">http://site.ebrary.com/lib/rucke/Doc?id=10754628</a>
Public note An electronic book accessible through the World Wide Web; click to view

No items available.

© 2026 Rongo University
Contact us: librarian | system librarian | Rongo university